| 000 | 01604nam a2200337 i 4500 | ||
|---|---|---|---|
| 005 | 20220316235224.0 | ||
| 008 | 121119s2002 ck a gs 000 fbspa d | ||
| 020 | _a9582401001 | ||
| 040 |
_aCO-BoRNBP _bspa _cCO-BoRNBP _erda |
||
| 041 | _aspa | ||
| 100 | 1 |
_aDahl, Roald, _d1916-1990 |
|
| 245 | 1 | 4 |
_aLas brujas _cRoald Dahl ; ilustraciones de Quentin Blake ; traducción de Maribel de Juan |
| 250 |
_bDécima reimpresión _a1a. ed. |
||
| 264 | 1 |
_aBogotá _bEditorial Santillana _c2002 |
|
| 300 |
_a200 páginas _bilustraciones en blanco y negro _c20 cm. |
||
| 336 |
_atexto _btxt _2rdacontent |
||
| 337 |
_asin mediación _bn _2rdamedia |
||
| 338 |
_avolumen _bnc _2rdacarrier |
||
| 500 | _aIncluye datos biográficos del autor | ||
| 505 | _aMi abuela -- Cómo reconocer a una bruja -- La gran bruja -- Vacaciones de verano -- El congreso -- Achicharrada -- Fórmula Ratonizador de Acción retardada -- La receta -- Bruno desaparece -- Las ancianas -- Metamorfosis -- Bruno -- Hola, abuela -- El ratón ladrón -- Presentación de Bruno al Sr. y la Sra. Jenkins -- El plan -- En la cocina -- El sr. Jenkins y su hijo -- El triunfo -- El corazón de un ratón -- ¡Vamos a trabajar! | ||
| 521 | _aRecomendado a partir de 10 años en adelante | ||
| 534 | _tWitches | ||
| 650 | 1 | 4 |
_aNovela infantil inglesa _ySiglo XX _2LEMB |
| 650 | 1 | 4 |
_aLiteratura infantil inglesa _ySiglo XX _2LEMB |
| 650 | 1 | 4 |
_aBrujas _vNovela _2LEMB |
| 650 | 1 | 4 |
_aMujeres _vNovela _2LEMB |
| 700 | 1 |
_aJuan, Maribel de, _etraductor _911416 |
|
| 700 | 1 |
_aBlake, Quentin, _eilustrador _9122840 |
|
| 942 |
_2loc _cBKLIT |
||
| 084 | _aN DAH1 | ||
| 999 |
_c272 _d272 |
||